Financing Africa through the crisis and beyond /

Bibliographic Details
Corporate Author: ProQuest (Firm)
Other Authors: Beck, Thorsten.
Format: Electronic eBook
Language:English
Published: Washington, D.C. : World Bank, 2011.
Subjects:
Online Access:Click to View
LEADER 01604nam a2200397 a 4500
001 EBC781367
003 MiAaPQ
005 20200520144314.0
006 m o d |
007 cr cn|||||||||
008 110812s2011 dcuad sb 001 0 eng d
010 |z  2011034178 
020 |z 9780821387979 
020 |a 9780821387986 (electronic bk.) 
035 |a (MiAaPQ)EBC781367 
035 |a (Au-PeEL)EBL781367 
035 |a (CaPaEBR)ebr10506381 
035 |a (CaONFJC)MIL329264 
035 |a (OCoLC)755417105 
040 |a MiAaPQ  |c MiAaPQ  |d MiAaPQ 
043 |a f------ 
050 4 |a HG187.5.A2  |b F56 2011 
082 0 4 |a 332.096  |2 23 
245 0 0 |a Financing Africa  |h [electronic resource] :  |b through the crisis and beyond /  |c Thorsten Beck ... [et al.]. 
260 |a Washington, D.C. :  |b World Bank,  |c 2011. 
300 |a xvii, 301 p. :  |b col. ill. 
504 |a Includes bibliographical references and index. 
505 0 |a Financing Africa: setting the stage -- Landscaping African finance -- Expanding financial systems -- Lengthening financial contracts -- Safeguarding financial systems -- All financial sector policy is local. 
533 |a Electronic reproduction. Ann Arbor, MI : ProQuest, 2015. Available via World Wide Web. Access may be limited to ProQuest affiliated libraries. 
650 0 |a Financial institutions  |z Africa. 
650 0 |a Finance  |z Africa. 
650 0 |a Monetary policy  |z Africa. 
655 4 |a Electronic books. 
700 1 |a Beck, Thorsten. 
710 2 |a ProQuest (Firm) 
856 4 0 |u https://ebookcentral.proquest.com/lib/matrademy/detail.action?docID=781367  |z Click to View